| 000 | 00743nam a2200253 i 4500 | ||
|---|---|---|---|
| 001 | C2-0316671 | ||
| 003 | PPAK | ||
| 005 | 20180728112742.0 | ||
| 008 | 120806s2012 my a|||| ||||| | may d | ||
| 020 | _a9789676125637 | ||
| 040 |
_aPPAK _beng _cPPAK _erda |
||
| 082 | 0 | 4 |
_a646.404 _223 |
| 090 | 0 | 0 |
_a646.404 _bZAL _dG |
| 090 | 0 | 0 |
_a646.404 _bZAL _dR |
| 100 | 0 |
_aZaliha Ariffin, _eauthor |
|
| 245 | 1 | 0 | _aA-Z cara menjahit baju kurung moden |
| 264 | 1 |
_aKuala Lumpur : _bUtusan Publications , _c2012 |
|
| 300 |
_a88 pages : _bcolour illustrations ; _c30 cm. |
||
| 336 |
_2rdacontent _atext |
||
| 337 |
_2rdamedia _aunmediated |
||
| 338 |
_2rdacarrier _avolume |
||
| 650 | 1 | 0 | _aDressmaking - Patern design - Handbooks, etc. |
| 942 |
_ddc _cB |
||
| 999 |
_c117793 _d117793 |
||